01614nam a2200373 a 4500001001000000003000500010005001700015008004100032010001100073011001100084040000900095090001000104100003500114245015400149260004100303500006000344502010700404590003700511590004100548590004000589590004000629650006600669650004500735650003100780650003500811856001600846856007000862901000700932942001000939942000600949999001900955952013100974952013501105000113281CHAP20220329144347.0170531s2017 mx sm |||||||spa d a109742 a110714 cCHAP aTesis1 aAguirre Retana, Carlos913241913aEl PESA como política pública para el desarrollo rural comunitario y las limitaciones del tejido socialh[En línea]cpor Carlos Aguirre Retana. aChapingo, Méx. :bEl autor,c2017. aPara ver el contenido del material haga clic en la liga aTesis (M. en Gestión del Desarrollo Rural) -- UACH. Dirección de Centros Regionales Universitarios aBATCHb00c20181121lUCH01h0758 aE11695DGDb10c20170602lUCH01h1041 aE5765TAJb05c20170531lUCH01h0907 aE5765TAJb05c20170531lUCH01h090814aAlimentaciónxProgramas de desarolloxEvaluación.913135914aDesarrollo de la comunidad rural.93199514aHuertos familiares.95672614aPolítica alimentaria.990389 a1 n0000138 aFinding aiduhttp://10.13.5.2/tesis/sist113281.pdfzTeclea aquí aBK cTESIS n0 c109742d109742 00104054718TESISaBCbBCd2017-05-31fTESISl0oTesisp113283-10r2019-12-31 00:00:00w2019-12-31yTESISzRecien adquirido 00102local4053708TESISaBCbBCcPA_TESISd2017-05-31fTESISl0oTesisp113283-20r2019-12-31 00:00:00tc.2w2019-12-31yTESIS